Jak se vypořádat se studem a vinou / Daniel Green ; Mel Lawrenz
Record details
- ISBN: 978-80-7255-174-3
- Physical Description: 100 s.
- Edition: První vydání
- Publisher: Praha: Návrat domů , 2008
Available copies
- 4 of 4 copies available at Common Catalog SPOK.
Holds
- 0 current holds with 4 total copies.
Show Only Available Copies
| Location | Call Number / Copy Notes | Barcode | Shelving Location | Status | Due Date |
|---|---|---|---|---|---|
| ETS Library | 248 | 424470012500 | Volný výběr | Available | - |
| ETS Library | 248 | 424470012502 | Volný výběr | Available | - |
| ETS Library | 248 | 424470012503 | Volný výběr | Available | - |
| ETS Library | 248 | 424470020089 | Volný výběr | Available | - |
| LDR | 00966nam a2 00313 | ||
|---|---|---|---|
| 001 | 34283 | ||
| 003 | CZ-PrJAB | ||
| 005 | 20230309104509.0 | ||
| 008 | 110513s2008 xr e |||| |cze | ||
| 009 | cz | ||
| 020 | . | ‡a978-80-7255-174-3 | |
| 035 | . | ‡a(CONS)4420 | |
| 035 | . | ‡aKPS13648 | |
| 040 | . | ‡aABG450 | |
| 041 | . | ‡acze | |
| 082 | 1 | 4. | ‡a248 |
| 100 | . | ‡71183 ‡aGreen, Daniel | |
| 245 | . | ‡aJak se vypořádat se studem a vinou / ‡nDaniel Green ; Mel Lawrenz | |
| 250 | . | ‡aPrvní vydání | |
| 260 | . | ‡aPraha: ‡bNávrat domů , ‡c2008 | |
| 300 | . | ‡a100 s. | |
| 653 | . | ‡aJak se vypořádat se studem a vinou | |
| 700 | . | ‡71184 ‡aLawrenz, Mel | |
| 852 | 4 | . | ‡bETS ‡bETS ‡cVolný výběr ‡j248 ‡gA ‡p424470012463 |
| 852 | 4 | . | ‡bETS ‡bETS ‡cVolný výběr ‡j248 ‡gA ‡p424470012503 |
| 852 | 4 | . | ‡bETS ‡bETS ‡cVolný výběr ‡j248 ‡gA ‡p424470012502 |
| 852 | 4 | . | ‡bETS ‡bETS ‡cVolný výběr ‡j248 ‡gA ‡p424470012501 |
| 852 | 4 | . | ‡bETS ‡bETS ‡cVolný výběr ‡j248 ‡gA ‡p424470012500 |
| 910 | . | ‡aABG450 | |
| 999 | . | ‡a4420 ‡bAUTOGEN ‡c4420 ‡tbiblio | |
| 905 | . | ‡uadmin | |
| 901 | . | ‡a34283 ‡b ‡c34283 ‡tbiblio ‡sets | |